[Event "Montevideo"]
[Site "Montevideo"]
[Date "2012.11.25"]
[Round "3"]
[White "Tovillas, Daniel R"]
[Black "Rodriguez Vila, Andres"]
[Result "0-1"]
[WhiteElo "2240"]
[BlackElo "2545"]
[PlyCount "82"]
[EventDate "2012.11.24"]
[EventType "tourn"]
[EventRounds "9"]
[EventCountry "URU"]
[EventCategory "2"]
[SourceTitle "CBM 151 Extra"]
[Source "ChessBase"]
[SourceDate "2012.12.18"]
[SourceVersion "1"]
[SourceVersionDate "2012.12.18"]
[SourceQuality "1"]

1. e4 e6 2. Nf3 d5 3. Nc3 Nf6 4. e5 Nfd7 5. d4 c5 6. dxc5 Nc6 7. Bf4 Be7 8. h4
h6 9. Bd3 Nxc5 10. a3 Bd7 11. Qd2 Rc8 12. b4 Nxd3+ 13. Qxd3 a5 14. b5 Nb4 15.
axb4 Rxc3 16. Qxc3 Bxb4 17. Qxb4 axb4 18. O-O O-O 19. Rfb1 Bxb5 20. Rxb4 Ba6
21. Rab1 Qe7 22. Be3 Rc8 23. R4b2 Rc4 24. Bd4 f5 25. c3 Ra4 26. Rb6 f4 27. Rd6
Be2 28. Nd2 Ra2 29. Nb3 Qxh4 30. Nc5 f3 31. Nxe6 fxg2 32. Rd8+ Kf7 33. Rf8+ Kg6
34. Nf4+ Kh7 35. Nxg2 Qe7 36. Rf4 Bd3 37. Re1 Be4 38. Rg4 Qe6 39. Rg3 g5 40. f3
Bf5 41. Ne3 Rb2 0-1

[Event "Montevideo"]
[Site "Montevideo"]
[Date "2012.11.26"]
[Round "4"]
[White "Conrad, Christian"]
[Black "Rodriguez Vila, Andres"]
[Result "0-1"]
[WhiteElo "2165"]
[BlackElo "2545"]
[PlyCount "60"]
[EventDate "2012.11.24"]
[EventType "tourn"]
[EventRounds "9"]
[EventCountry "URU"]
[EventCategory "2"]
[SourceTitle "CBM 151 Extra"]
[Source "ChessBase"]
[SourceDate "2012.12.18"]
[SourceVersion "1"]
[SourceVersionDate "2012.12.18"]
[SourceQuality "1"]

1. d4 f5 2. g3 Nf6 3. Bg2 g6 4. Nh3 d6 5. O-O Bg7 6. c3 Nc6 7. Qb3 e6 8. Nd2
O-O 9. e4 Kh8 10. Ng5 d5 11. e5 Ng4 12. Ndf3 Na5 13. Qd1 Qd7 14. Nh4 b6 15. h3
Nh6 16. f4 Ba6 17. Rf2 Rac8 18. g4 c5 19. gxf5 gxf5 20. Nhf3 Rg8 21. Kh1 Bf8
22. Bd2 Nc4 23. Be1 Be7 24. Re2 Rg7 25. Bh4 Ng8 26. b3 Na5 27. Rd2 h6 28. Nxe6
Qxe6 29. dxc5 bxc5 30. b4 Nc4 0-1

[Event "Montevideo"]
[Site "Montevideo"]
[Date "2012.11.27"]
[Round "5"]
[White "Rodriguez Vila, Andres"]
[Black "Leon, Juan Carlos"]
[Result "1-0"]
[WhiteElo "2545"]
[BlackElo "2265"]
[PlyCount "61"]
[EventDate "2012.11.24"]
[EventType "tourn"]
[EventRounds "9"]
[EventCountry "URU"]
[EventCategory "2"]
[SourceTitle "CBM 151 Extra"]
[Source "ChessBase"]
[SourceDate "2012.12.18"]
[SourceVersion "1"]
[SourceVersionDate "2012.12.18"]
[SourceQuality "1"]

1. e4 c5 2. Nf3 Nc6 3. Nc3 e5 4. Bc4 Be7 5. d3 d6 6. Nd2 Nf6 7. Nf1 Bg4 8. Qd2
O-O 9. Ne3 Be6 10. O-O Nd4 11. a4 Qd7 12. Ncd5 Nxd5 13. exd5 Bg4 14. f3 Bh5 15.
g4 Bg6 16. c3 b5 17. Ba2 Bg5 18. Qd1 c4 19. cxd4 Bxd3 20. Rf2 Bh4 21. Rd2 f5
22. dxe5 fxg4 23. e6 Qc7 24. Nxg4 Qc5+ 25. Kg2 Rxf3 26. Qxf3 Rf8 27. Rxd3 cxd3
28. Qxd3 Qb4 29. Kh3 h5 30. Nh6+ Kh8 31. Bb1 1-0

[Event "Montevideo"]
[Site "Montevideo"]
[Date "2012.11.27"]
[Round "6"]
[White "Larrea, Manuel"]
[Black "Rodriguez Vila, Andres"]
[Result "1-0"]
[WhiteElo "2270"]
[BlackElo "2545"]
[PlyCount "57"]
[EventDate "2012.11.24"]
[EventType "tourn"]
[EventRounds "9"]
[EventCountry "URU"]
[EventCategory "2"]
[SourceTitle "CBM 151 Extra"]
[Source "ChessBase"]
[SourceDate "2012.12.18"]
[SourceVersion "1"]
[SourceVersionDate "2012.12.18"]
[SourceQuality "1"]

1. e4 e6 2. d4 d5 3. Nc3 Nf6 4. e5 Nfd7 5. f4 Be7 6. Nf3 O-O 7. Be3 c5 8. Qd2
Nc6 9. O-O-O b5 10. Bxb5 Qb6 11. dxc5 Nxc5 12. Bxc6 Qxc6 13. f5 Rb8 14. f6 gxf6
15. exf6 Bxf6 16. Bd4 Qb7 17. b3 Bxd4 18. Qxd4 Qb4 19. Qe3 f6 20. Rd4 Qa3+ 21.
Kb1 Bd7 22. Rg4+ Kh8 23. Ne5 Nxb3 24. Ng6+ Kg7 25. Nxf8+ Kxf8 26. cxb3 e5 27.
Qh6+ Kf7 28. Rg7+ Ke6 29. Qh3+ 1-0

[Event "Montevideo"]
[Site "Montevideo"]
[Date "2012.11.28"]
[Round "7"]
[White "Rodriguez Vila, Andres"]
[Black "Arcos Facio, Mateo"]
[Result "1-0"]
[WhiteElo "2545"]
[BlackElo "2169"]
[PlyCount "103"]
[EventDate "2012.11.24"]
[EventType "tourn"]
[EventRounds "9"]
[EventCountry "URU"]
[EventCategory "2"]
[SourceTitle "CBM 151 Extra"]
[Source "ChessBase"]
[SourceDate "2012.12.18"]
[SourceVersion "1"]
[SourceVersionDate "2012.12.18"]
[SourceQuality "1"]

1. f4 d5 2. Nf3 Nf6 3. g3 g6 4. Bg2 Bg7 5. O-O c5 6. c3 O-O 7. Na3 Nc6 8. d3 d4
9. e4 Ne8 10. c4 f5 11. e5 e6 12. h4 h5 13. Bd2 Nc7 14. Rb1 a5 15. Nc2 Na6 16.
a3 a4 17. Ng5 Bh6 18. Bf3 Bxg5 19. hxg5 Kg7 20. Ne1 Bd7 21. Ng2 Rb8 22. Nh4 Rh8
23. b3 axb3 24. Rxb3 b6 25. Qb1 Qc7 26. Rf2 Na5 27. Rb2 Nc6 28. Be1 Kf7 29. Rh2
Kg7 30. Qd1 Be8 31. Rb1 Bd7 32. Rhb2 Kf7 33. Qe2 Rb7 34. Rb5 Kg7 35. Qd1 Rbb8
36. Qb3 Na5 37. Qb2 Bxb5 38. cxb5 c4 39. bxa6 c3 40. Qa2 Qe7 41. Bf2 Rhd8 42.
Rb4 Rbc8 43. Qc2 Qc5 44. a7 Nc6 45. Rc4 Qxa3 46. Bxc6 Qxa7 47. Nf3 Qa1+ 48. Kg2
b5 49. Bxb5 Qb2 50. Qxb2 cxb2 51. Rb4 Rc2 52. Ba4 1-0

[Event "Montevideo"]
[Site "Montevideo"]
[Date "2012.11.29"]
[Round "8"]
[White "Muniz, Rafael"]
[Black "Rodriguez Vila, Andres"]
[Result "1-0"]
[WhiteElo "2238"]
[BlackElo "2545"]
[PlyCount "81"]
[EventDate "2012.11.24"]
[EventType "tourn"]
[EventRounds "9"]
[EventCountry "URU"]
[EventCategory "2"]
[SourceTitle "CBM 151 Extra"]
[Source "ChessBase"]
[SourceDate "2012.12.18"]
[SourceVersion "1"]
[SourceVersionDate "2012.12.18"]
[SourceQuality "1"]

1. e4 e6 2. d4 d5 3. e5 c5 4. c3 Bd7 5. Nf3 Nc6 6. Be3 Qb6 7. Qd2 Nh6 8. Be2
Nf5 9. O-O Nxe3 10. fxe3 Be7 11. Kh1 O-O 12. Na3 f5 13. c4 cxd4 14. cxd5 dxe3
15. Qd1 Na5 16. d6 Bd8 17. Rb1 Qb4 18. Nc2 Qf4 19. b4 Nc6 20. b5 Na5 21. Rb4
Qh6 22. Qd3 f4 23. Nfe1 Bh4 24. Bg4 Bg3 25. Bh3 Bxe1 26. Nxe1 g5 27. Bg4 Rac8
28. Nf3 Rc5 29. h3 Rfc8 30. Nxg5 Qxg5 31. Rbxf4 Qg6 32. Qxe3 Nc4 33. Qf2 Nxe5
34. Rf6 Qg7 35. Bxe6+ Bxe6 36. Rxe6 Rf8 37. Qxc5 Rxf1+ 38. Kh2 Ng6 39. Qc4 Qf7
40. d7 Rd1 41. Re8+ 1-0

[Event "Mario Covas 11th"]
[Site "Santos"]
[Date "2012.12.12"]
[Round "4"]
[White "Rodriguez Vila, Andres"]
[Black "Blit, Jacques"]
[Result "1/2-1/2"]
[WhiteElo "2549"]
[BlackElo "2301"]
[PlyCount "44"]
[EventDate "2012.12.10"]
[EventType "tourn"]
[EventRounds "9"]
[EventCountry "BRA"]
[EventCategory "7"]
[SourceTitle "CBM 152 Extra"]
[Source "ChessBase"]
[SourceDate "2013.02.25"]
[SourceVersion "1"]
[SourceVersionDate "2013.02.25"]
[SourceQuality "1"]

1. e4 c5 2. Nf3 Nc6 3. d4 cxd4 4. Nxd4 e5 5. Nb5 d6 6. N1c3 a6 7. Na3 b5 8. Nd5
Nge7 9. c4 Nd4 10. cxb5 Nxd5 11. exd5 Be7 12. bxa6 Qa5+ 13. Bd2 Qxd5 14. Be3
O-O 15. Nb5 Bxa6 16. Nxd4 exd4 17. Qxd4 Qb7 18. Bxa6 Qxa6 19. Qb6 Qxb6 20. Bxb6
Bf6 21. O-O Rfb8 22. Bc7 Rxb2 1/2-1/2

[Event "Mario Covas 11th"]
[Site "Santos"]
[Date "2012.12.14"]
[Round "6"]
[White "Rodriguez Vila, Andres"]
[Black "Della Morte, German"]
[Result "1-0"]
[WhiteElo "2549"]
[BlackElo "2325"]
[PlyCount "85"]
[EventDate "2012.12.10"]
[EventType "tourn"]
[EventRounds "9"]
[EventCountry "BRA"]
[EventCategory "7"]
[SourceTitle "CBM 152 Extra"]
[Source "ChessBase"]
[SourceDate "2013.02.25"]
[SourceVersion "1"]
[SourceVersionDate "2013.02.25"]
[SourceQuality "1"]

1. e4 e5 2. Nf3 Nc6 3. Bc4 Nf6 4. d3 Bc5 5. O-O d6 6. c3 Bb6 7. a4 a6 8. Be3
Ba7 9. Nbd2 O-O 10. Bg5 h6 11. Bh4 g5 12. Nxg5 hxg5 13. Bxg5 Kg7 14. Qf3 Rh8
15. Rae1 Qe7 16. Re3 Rh6 17. Bxh6+ Kxh6 18. d4 Bg4 19. Qg3 Rg8 20. Qh4+ Nh5 21.
Qxe7 Nxe7 22. Bxf7 Rg7 23. Bxh5 Bxh5 24. Nb3 Ng6 25. Kh1 Nf4 26. Rg3 Rf7 27.
Rg8 Be2 28. Ra1 a5 29. f3 Bb6 30. h3 Bc4 31. Nd2 Be6 32. d5 Bd7 33. Nc4 Bf2 34.
Rf1 Nd3 35. Nxa5 Kh7 36. Rb8 b6 37. Nc6 Bxh3 38. Nb4 Nxb4 39. cxb4 Bd4 40. gxh3
Rf6 41. Rb7 Rh6 42. Rxc7+ Kg6 43. Kg2 1-0

[Event "Mario Covas 11th"]
[Site "Santos"]
[Date "2012.12.14"]
[Round "7"]
[White "El Debs, Felipe de Cresce"]
[Black "Rodriguez Vila, Andres"]
[Result "1-0"]
[WhiteElo "2513"]
[BlackElo "2549"]
[PlyCount "79"]
[EventDate "2012.12.10"]
[EventType "tourn"]
[EventRounds "9"]
[EventCountry "BRA"]
[EventCategory "7"]
[SourceTitle "CBM 152 Extra"]
[Source "ChessBase"]
[SourceDate "2013.02.25"]
[SourceVersion "1"]
[SourceVersionDate "2013.02.25"]
[SourceQuality "1"]

1. d4 e6 2. c4 Nf6 3. Nf3 c5 4. Nc3 cxd4 5. Nxd4 Nc6 6. a3 Bc5 7. Nb3 Be7 8. e4
b6 9. Be2 Bb7 10. O-O O-O 11. Bf4 d6 12. Rc1 Rc8 13. Nd2 Re8 14. Re1 Bf8 15.
Bf1 Ne5 16. b4 Nfd7 17. Bg3 g5 18. Nf3 Nxf3+ 19. gxf3 Ne5 20. Be2 Qf6 21. Nb5
h5 22. Nxa7 Rcd8 23. Nb5 d5 24. Qd4 Nxf3+ 25. Bxf3 Qxf3 26. Qxb6 h4 27. Re3 Qg4
28. Qxb7 dxc4 29. h3 Qxh3 30. Nc3 Rd3 31. Qb5 e5 32. Rxd3 cxd3 33. Qxd3 Re6 34.
Qe3 Bh6 35. Bh2 Qxe3 36. fxe3 g4 37. Nd5 Kg7 38. Kg2 g3 39. Bg1 Rd6 40. b5 1-0

[Event "Mario Covas 11th"]
[Site "Santos"]
[Date "2012.12.15"]
[Round "8"]
[White "Barreto Filho, Carlos Alberto"]
[Black "Rodriguez Vila, Andres"]
[Result "1-0"]
[WhiteElo "2258"]
[BlackElo "2549"]
[PlyCount "65"]
[EventDate "2012.12.10"]
[EventType "tourn"]
[EventRounds "9"]
[EventCountry "BRA"]
[EventCategory "7"]
[SourceTitle "CBM 152 Extra"]
[Source "ChessBase"]
[SourceDate "2013.02.25"]
[SourceVersion "1"]
[SourceVersionDate "2013.02.25"]
[SourceQuality "1"]

1. d4 e6 2. c4 c5 3. Nf3 cxd4 4. Nxd4 Nf6 5. Nc3 Nc6 6. a3 Bc5 7. Nf3 Be7 8. e3
O-O 9. Be2 b6 10. O-O Bb7 11. b3 Qb8 12. Bb2 Rd8 13. Qc2 a6 14. Rfd1 Ra7 15.
Rd2 Ba8 16. Rad1 h6 17. Ne4 Nxe4 18. Qxe4 b5 19. Qg4 g6 20. cxb5 axb5 21. b4
Kh7 22. Bd3 f5 23. Qh3 d5 24. g4 Rf8 25. Bb1 Bd8 26. gxf5 gxf5 27. Rxd5 Qc8 28.
Bxf5+ Rxf5 29. Rxf5 exf5 30. Rd6 Rg7+ 31. Bxg7 Kxg7 32. Qxh6+ Kf7 33. Rxc6 1-0

[Event "Mario Covas 11th"]
[Site "Santos"]
[Date "2012.12.16"]
[Round "9"]
[White "Rodriguez Vila, Andres"]
[Black "Terao, Rodrigo Akira"]
[Result "0-1"]
[WhiteElo "2549"]
[BlackElo "2403"]
[PlyCount "71"]
[EventDate "2012.12.10"]
[EventType "tourn"]
[EventRounds "9"]
[EventCountry "BRA"]
[EventCategory "7"]
[SourceTitle "CBM 152 Extra"]
[Source "ChessBase"]
[SourceDate "2013.02.25"]
[SourceVersion "1"]
[SourceVersionDate "2013.02.25"]
[SourceQuality "1"]

1. e4 c5 2. Nf3 e6 3. d4 cxd4 4. Nxd4 a6 5. Nc3 Qc7 6. g3 Bb4 7. Nde2 Be7 8.
Bg2 Nf6 9. O-O Nc6 10. a4 d6 11. Nf4 b6 12. h4 Bb7 13. g4 Nd7 14. g5 Nce5 15.
Nh5 g6 16. Ng3 h5 17. f4 Ng4 18. Qe2 O-O-O 19. Bf3 Rhe8 20. Kg2 Bf8 21. Re1 Bg7
22. Ra3 Kb8 23. Nd1 Rc8 24. c3 Nc5 25. b4 Nd7 26. Bd2 f5 27. exf5 exf5 28. Qf1
Rxe1 29. Bxe1 Nf8 30. Bd2 Ne6 31. Ne2 Re8 32. Kg3 Bc6 33. Ng1 Qb7 34. Be2 a5
35. bxa5 bxa5 36. Ne3 0-1

[Event "Buenos Aires Duchamp Memorial op 5th"]
[Site "Buenos Aires"]
[Date "2013.03.24"]
[Round "3"]
[White "Rodriguez Vila, Andres"]
[Black "Lopez Sant Andrea, Javier"]
[Result "1-0"]
[WhiteElo "2503"]
[BlackElo "2087"]
[PlyCount "64"]
[EventDate "2013.03.23"]
[EventType "swiss"]
[EventRounds "8"]
[EventCountry "ARG"]
[SourceTitle "CBM 153 Extra"]
[Source "ChessBase"]
[SourceDate "2013.04.22"]
[SourceVersion "1"]
[SourceVersionDate "2013.04.22"]
[SourceQuality "1"]

1. e4 c6 2. d4 d5 3. e5 c5 4. dxc5 Nc6 5. Bf4 e6 6. Nf3 Bxc5 7. Bd3 Nb4 8. Be2
Ne7 9. O-O Ng6 10. Bg3 Be7 11. Nbd2 O-O 12. Re1 Nc6 13. c4 a6 14. Rc1 dxc4 15.
Nxc4 Qxd1 16. Rexd1 Nb4 17. Nb6 Rb8 18. a3 Nc6 19. b4 Rd8 20. h4 Rxd1+ 21. Rxd1
Bd8 22. Nc4 Bc7 23. Nd6 Bxd6 24. Rxd6 Nf8 25. Bxa6 Nxb4 26. Bb5 Nc6 27. Bxc6
bxc6 28. Nd4 c5 29. Nc6 Rb1+ 30. Kh2 Bd7 31. Ne7+ Kh8 32. Ra6 Rb8 1-0

[Event "Buenos Aires Duchamp Memorial op 5th"]
[Site "Buenos Aires"]
[Date "2013.03.26"]
[Round "5"]
[White "Rodriguez Vila, Andres"]
[Black "Leskovar, Mario Leopoldo"]
[Result "1-0"]
[WhiteElo "2503"]
[BlackElo "2333"]
[PlyCount "64"]
[EventDate "2013.03.23"]
[EventType "swiss"]
[EventRounds "8"]
[EventCountry "ARG"]
[SourceTitle "CBM 153 Extra"]
[Source "ChessBase"]
[SourceDate "2013.04.22"]
[SourceVersion "1"]
[SourceVersionDate "2013.04.22"]
[SourceQuality "1"]

1. e4 e6 2. d4 d5 3. e5 c5 4. c3 Bd7 5. Be3 Qb6 6. Qd2 Nc6 7. Nf3 Nh6 8. dxc5
Bxc5 9. Bxh6 gxh6 10. Bd3 d4 11. O-O dxc3 12. Nxc3 Nd4 13. Nxd4 Bxd4 14. Qf4
O-O-O 15. Rac1 Kb8 16. Ne4 Bc6 17. Nd6 f5 18. Rxc6 bxc6 19. Nf7 Rhf8 20. Nxd8
Rxd8 21. Bc4 Qc5 22. Bxe6 Qxe5 23. Qxh6 Qe2 24. Qh4 Bxf2+ 25. Qxf2 Qxe6 26.
Qxf5 Qxf5 27. Rxf5 Rd2 28. Rf8+ Kb7 29. Rf7+ Kb6 30. Rxh7 Rxb2 31. h4 c5 32.
Rh8 c4 1-0

[Event "Buenos Aires Duchamp Memorial op 5th"]
[Site "Buenos Aires"]
[Date "2013.03.27"]
[Round "6"]
[White "Tobares, Leandro"]
[Black "Rodriguez Vila, Andres"]
[Result "0-1"]
[WhiteElo "2303"]
[BlackElo "2503"]
[PlyCount "54"]
[EventDate "2013.03.23"]
[EventType "swiss"]
[EventRounds "8"]
[EventCountry "ARG"]
[SourceTitle "CBM 153 Extra"]
[Source "ChessBase"]
[SourceDate "2013.04.22"]
[SourceVersion "1"]
[SourceVersionDate "2013.04.22"]
[SourceQuality "1"]

1. d4 e6 2. Nf3 c5 3. g3 cxd4 4. Nxd4 d5 5. Bg2 Nc6 6. O-O Qb6 7. Nb3 Nf6 8.
Be3 Qc7 9. Nc3 Be7 10. Nb5 Qd8 11. c4 O-O 12. Rc1 a6 13. N5d4 Ne5 14. cxd5 Nxd5
15. Bd2 a5 16. a3 a4 17. Na1 Qb6 18. e4 Nf6 19. Bc3 Rd8 20. Nac2 Bc5 21. Qe2
Bd7 22. Rfd1 Be8 23. h3 Rac8 24. Kh2 Ng6 25. Qe1 Qa7 26. Ba5 Rd7 27. Bc3 e5 0-1

[Event "Montevideo zt 2.5"]
[Site "Montevideo"]
[Date "2013.04.21"]
[Round "4"]
[White "Felgaer, Ruben Alejandro"]
[Black "Rodriguez Vila, Andres"]
[Result "1-0"]
[WhiteElo "2585"]
[BlackElo "2503"]
[PlyCount "51"]
[EventDate "2013.04.19"]
[EventType "swiss"]
[EventRounds "9"]
[EventCountry "URU"]
[SourceTitle "CBM 154 Extra"]
[Source "ChessBase"]
[SourceDate "2013.06.25"]
[SourceVersion "2"]
[SourceVersionDate "2013.06.25"]
[SourceQuality "1"]

1. e4 e6 2. d4 d5 3. Nc3 dxe4 4. Nxe4 Be7 5. Nf3 Nd7 6. Bd3 Ngf6 7. Qe2 Nxe4 8.
Qxe4 Nf6 9. Qe2 O-O 10. Bd2 b6 11. O-O-O Bb7 12. c3 Qd5 13. Kb1 Qh5 14. Rhg1
Bxf3 15. gxf3 Rad8 16. Rg5 Qh4 17. Rdg1 g6 18. R5g3 Qh5 19. Bg5 Nd5 20. c4 Bd6
21. Rg4 Bxh2 22. Rh1 Nb4 23. Rg2 Rxd4 24. Rhxh2 Qxh2 25. Rxh2 Nxd3 26. Qe3 1-0

[Event "Montevideo zt 2.5"]
[Site "Montevideo"]
[Date "2013.04.25"]
[Round "9"]
[White "Rodriguez Vila, Andres"]
[Black "Ibar, Marcelo"]
[Result "1-0"]
[WhiteElo "2503"]
[BlackElo "2196"]
[PlyCount "67"]
[EventDate "2013.04.19"]
[EventType "swiss"]
[EventRounds "9"]
[EventCountry "URU"]
[SourceTitle "CBM 154 Extra"]
[Source "ChessBase"]
[SourceDate "2013.06.25"]
[SourceVersion "2"]
[SourceVersionDate "2013.06.25"]
[SourceQuality "1"]

1. e4 c5 2. Nc3 d6 3. f4 g6 4. Nf3 Nc6 5. Bc4 Bg7 6. O-O e6 7. d3 Nge7 8. Qe1
Nd4 9. Nxd4 cxd4 10. Ne2 O-O 11. Bb3 a5 12. a4 Bd7 13. Bd2 Qb6 14. g4 Qc5 15.
Qh4 Rae8 16. Rf3 f5 17. Rh3 fxg4 18. Qxh7+ Kf7 19. f5 gxf5 20. Bh6 Qe5 21. exf5
Nxf5 22. Rf1 d5 23. Rh5 Rh8 24. Rhxf5+ exf5 25. Bxd5+ Ke7 26. Qxg7+ Qxg7 27.
Bxg7 Rh7 28. Be5 Kd8 29. Bf6+ Kc8 30. Nxd4 Rh6 31. Bg5 Rd6 32. c4 Rxd5 33. cxd5
Re5 34. Rc1+ 1-0

[Event "Moron Panno Masters 2nd"]
[Site "Moron"]
[Date "2013.05.12"]
[Round "1"]
[White "Rodriguez Vila, Andres"]
[Black "Salinas Herrera, Pablo Patricio"]
[Result "1-0"]
[WhiteElo "2490"]
[BlackElo "2396"]
[PlyCount "71"]
[EventDate "2013.05.12"]
[EventType "tourn"]
[EventRounds "9"]
[EventCountry "ARG"]
[EventCategory "8"]
[SourceTitle "CBM 154 Extra"]
[Source "ChessBase"]
[SourceDate "2013.06.25"]
[SourceVersion "2"]
[SourceVersionDate "2013.06.25"]
[SourceQuality "1"]

1. d4 d5 2. Nf3 Nf6 3. b3 e6 4. e3 c5 5. Bd3 Nc6 6. O-O Be7 7. Bb2 Qc7 8. a3 b6
9. Nbd2 Bb7 10. Ne5 Nxe5 11. dxe5 Nd7 12. f4 O-O-O 13. a4 Kb8 14. Qe2 g5 15. a5
f5 16. axb6 Nxb6 17. Ba6 Ba8 18. fxg5 Rdg8 19. Nf3 h6 20. gxh6 Rxh6 21. Rf2
Rhg6 22. Rd1 Bd8 23. Ba3 Be7 24. Rd2 Rg4 25. Qd3 Bc6 26. Qf1 d4 27. exd4 Nd5
28. Bxc5 Nf4 29. Kh1 Bxc5 30. dxc5 Qa5 31. Nd4 Be4 32. Rxf4 Rxf4 33. Qxf4 Qxa6
34. h3 Qa1+ 35. Kh2 Qc3 36. Nxe6 1-0

[Event "Moron Panno Masters 2nd"]
[Site "Moron"]
[Date "2013.05.15"]
[Round "4"]
[White "Rodriguez Vila, Andres"]
[Black "Obregon, Carlos Andres"]
[Result "0-1"]
[WhiteElo "2490"]
[BlackElo "2478"]
[PlyCount "62"]
[EventDate "2013.05.12"]
[EventType "tourn"]
[EventRounds "9"]
[EventCountry "ARG"]
[EventCategory "8"]
[SourceTitle "CBM 154 Extra"]
[Source "ChessBase"]
[SourceDate "2013.06.25"]
[SourceVersion "2"]
[SourceVersionDate "2013.06.25"]
[SourceQuality "1"]

1. d4 d5 2. Nf3 Nf6 3. e3 c6 4. b3 Bg4 5. h3 Bh5 6. g4 Bg6 7. Ne5 Nfd7 8. Nxg6
hxg6 9. Bb2 e6 10. Nd2 Bd6 11. Bg2 Qe7 12. c4 f5 13. Qc2 Nf6 14. cxd5 exd5 15.
gxf5 gxf5 16. Qxf5 O-O 17. Qd3 Na6 18. O-O Rae8 19. Rae1 Nb4 20. Qb1 Ne4 21.
Nxe4 dxe4 22. Ba3 Qg5 23. Kh1 Qh4 24. Kg1 Re6 25. Bxb4 Bxb4 26. Re2 Bd6 27. Qc2
Rg6 28. f4 exf3 29. Rxf3 Rxg2+ 30. Kxg2 Qg5+ 31. Kf2 Qg3+ 0-1

[Event "Moron Panno Masters 2nd"]
[Site "Moron"]
[Date "2013.05.16"]
[Round "5"]
[White "Molina, Roberto Junio Brito"]
[Black "Rodriguez Vila, Andres"]
[Result "1-0"]
[WhiteElo "2399"]
[BlackElo "2490"]
[PlyCount "125"]
[EventDate "2013.05.12"]
[EventType "tourn"]
[EventRounds "9"]
[EventCountry "ARG"]
[EventCategory "8"]
[SourceTitle "CBM 154 Extra"]
[Source "ChessBase"]
[SourceDate "2013.06.25"]
[SourceVersion "2"]
[SourceVersionDate "2013.06.25"]
[SourceQuality "1"]

1. e4 e5 2. Nf3 d6 3. d4 Nd7 4. Bc4 c6 5. O-O Be7 6. a4 Ngf6 7. Nc3 O-O 8. Re1
a5 9. h3 Qc7 10. Be3 Re8 11. Ba2 Bf8 12. d5 h6 13. Nh4 Nc5 14. Qf3 cxd5 15.
Nxd5 Nxd5 16. Bxd5 Be6 17. Nf5 Kh7 18. Red1 g6 19. Bxc5 gxf5 20. Ba3 f4 21. Qb3
Rac8 22. Rac1 b6 23. Rd3 Qd8 24. Rcd1 Qg5 25. Bxd6 Bg7 26. Ba3 Qg6 27. Bxe6
Rxe6 28. f3 Rg8 29. Rd7 Qg3 30. Qd3 Bf8 31. Rxf7+ Kh8 32. Qe2 Bxa3 33. bxa3
Reg6 34. Rdd7 Qxg2+ 35. Qxg2 Rxg2+ 36. Kf1 Rg1+ 37. Ke2 R8g2+ 38. Kd3 Rd1+ 39.
Kc3 Rxd7 40. Rxd7 Rg3 41. Kc4 Rxf3 42. Kd5 Rg3 43. Kxe5 f3 44. Rf7 Kg8 45. Rf4
h5 46. Kd5 Rxh3 47. e5 Rh2 48. Rxf3 Rd2+ 49. Ke6 Rxc2 50. Rh3 Rc4 51. Kd5 Rxa4
52. Rf3 b5 53. e6 Rc4 54. e7 Rc8 55. Ke6 Ra8 56. Rg3+ Kh7 57. Kf7 b4 58. a4 Rc8
59. e8=Q Rxe8 60. Kxe8 Kh6 61. Kf7 h4 62. Rg8 Kh5 63. Kf6 1-0

[Event "Moron Panno Masters 2nd"]
[Site "Moron"]
[Date "2013.05.17"]
[Round "6"]
[White "Rodriguez Vila, Andres"]
[Black "Barrionuevo, Pablo"]
[Result "1-0"]
[WhiteElo "2490"]
[BlackElo "2292"]
[PlyCount "85"]
[EventDate "2013.05.12"]
[EventType "tourn"]
[EventRounds "9"]
[EventCountry "ARG"]
[EventCategory "8"]
[SourceTitle "CBM 154 Extra"]
[Source "ChessBase"]
[SourceDate "2013.06.25"]
[SourceVersion "2"]
[SourceVersionDate "2013.06.25"]
[SourceQuality "1"]

1. e4 e5 2. Bc4 Nf6 3. d3 Nc6 4. Nf3 Be7 5. O-O O-O 6. Re1 d6 7. c3 Na5 8. Bb5
a6 9. Ba4 b5 10. Bc2 c5 11. Nbd2 Bb7 12. Nf1 Re8 13. Ng3 Bf8 14. d4 Qc7 15. d5
h6 16. h3 g6 17. b3 Bg7 18. Be3 Bc8 19. Qd2 Kh7 20. Nh2 Nb7 21. Rf1 c4 22. b4
a5 23. a3 Ra6 24. Ra2 axb4 25. cxb4 Nd8 26. Ne2 Bd7 27. Nc3 Nh5 28. a4 Nb7 29.
Ng4 Nf4 30. Bxf4 exf4 31. Qxf4 Qd8 32. Qxf7 Rf8 33. Nf6+ Qxf6 34. Qxd7 Qxc3 35.
Qxb7 Raa8 36. Qxb5 Rxf2 37. Kxf2 Rf8+ 38. Ke2 Rxf1 39. Kxf1 Qe3 40. Qd7 Qf4+
41. Ke2 c3 42. Bd3 h5 43. Qa7 1-0

[Event "Moron Panno Masters 2nd"]
[Site "Moron"]
[Date "2013.05.20"]
[Round "7"]
[White "Real de Azua, Ernesto"]
[Black "Rodriguez Vila, Andres"]
[Result "1-0"]
[WhiteElo "2458"]
[BlackElo "2490"]
[PlyCount "91"]
[EventDate "2013.05.12"]
[EventType "tourn"]
[EventRounds "9"]
[EventCountry "ARG"]
[EventCategory "8"]
[SourceTitle "CBM 154 Extra"]
[Source "ChessBase"]
[SourceDate "2013.06.25"]
[SourceVersion "2"]
[SourceVersionDate "2013.06.25"]
[SourceQuality "1"]

1. d4 e6 2. c4 Bb4+ 3. Bd2 a5 4. Nc3 d5 5. e3 Nf6 6. Nf3 O-O 7. Qc2 Nbd7 8. Bd3
c5 9. a3 Bxc3 10. Bxc3 cxd4 11. Bxd4 Re8 12. Ne5 dxc4 13. Bxc4 Nxe5 14. Bxe5
Bd7 15. Rd1 Rc8 16. Qe2 Nd5 17. O-O Qg5 18. f4 Qh6 19. e4 Nb6 20. Bb3 a4 21.
Ba2 Bc6 22. f5 exf5 23. Rxf5 Re7 24. Qg4 Bd7 25. Rxf7 Rxf7 26. Bxf7+ Kh8 27.
Qg3 Rf8 28. Ba2 Bc6 29. h3 Nd7 30. Bd4 Re8 31. Rf1 Bxe4 32. Rf7 Nf6 33. Qf2
Qc1+ 34. Kh2 Bxg2 35. Kxg2 Qc6+ 36. Kg1 Rg8 37. Bc3 Nh5 38. Bb1 Qd6 39. Qf3
Qc5+ 40. Kg2 Qg5+ 41. Qg4 Qd5+ 42. Qe4 Qg5+ 43. Qg4 Qd5+ 44. Rf3 Re8 45. Bd3 h6
46. Qf5 1-0

[Event "Moron Panno Masters 2nd"]
[Site "Moron"]
[Date "2013.05.21"]
[Round "8"]
[White "Rodriguez Vila, Andres"]
[Black "Ricardi, Pablo"]
[Result "1/2-1/2"]
[WhiteElo "2490"]
[BlackElo "2481"]
[PlyCount "20"]
[EventDate "2013.05.12"]
[EventType "tourn"]
[EventRounds "9"]
[EventCountry "ARG"]
[EventCategory "8"]
[SourceTitle "CBM 154 Extra"]
[Source "ChessBase"]
[SourceDate "2013.06.25"]
[SourceVersion "2"]
[SourceVersionDate "2013.06.25"]
[SourceQuality "1"]

1. d4 Nf6 2. Nf3 e6 3. e3 d5 4. b3 Bb4+ 5. c3 Bd6 6. Bd3 Nbd7 7. c4 b6 8. Nc3
Bb7 9. O-O O-O 10. Bb2 c5 1/2-1/2